Gminy w powiecie Legnickim - Statystyki

Ogólne statystyki
  • Ten quiz został rozwiązany 30 razy
  • Średni wynik to 4 z 8
Statystyki odpowiedzi
Powierzchnia(km2) Gminy % Poprawnych
92,6 Gmina Kunice
85%
86,4 Gmina Miłkowice
80%
85,3 Gmina Legnickie Pole
70%
67,5 Gmina Krotoszyce
55%
73,2 Gmina Ruja
35%
5,32 Gmina Chojnów(miejska)
25%
230,9 Gmina Chojnów(wiejska)
25%
102,5 Gmina Prochowice(miejsko-wiejska)
25%
Nie znaleziono quizów pasujących do podanych kryteriów
Rozkład punktacji
Procent ludzi z każdym wynikiem
Percentyl według liczby udzielonych odpowiedzi
Twoja historia wyników
Nie rozwiązałeś tego quizu